Statistics for Countries With The Highest Nominal GDP

Click here to take the quiz!

General Stats

  • This quiz has been taken 21 times
  • The average score is 15 of 15

Answer Stats

Total GDPCountry% Correct
$1.323 trillionAustralia
100%
$2.054 trillionBrazil
100%
$1.647 trillionCanada
100%
$12.238 trillionChina
100%
$2.583 trillionFrance
100%
$3.693 trillionGermany
100%
$2.651 trillionIndia
100%
$1.578 trillionRussia
100%
$1.314 trillionSpain
100%
$2.638 trillionUnited Kingdom
100%
$1.944 trillionItaly
94%
$4.872 trillionJapan
94%
$1.151 trillionMexico
94%
$19.485 trillionUnited States of America
94%
$1.531 trillionSouth Korea
88%

Score Distribution

Percentile by Number Answered

Percent of People with Each Score

Your Score History

You have not taken this quiz